5HLuxD.jpg

KING HENRY VIII SENIOR AND PRIMARY SCHOOL LIBRARY OPAC

EMBER SPARK AND THE THUNDER OF DRAGONS (Record no. 5521)

000 -LEADER
fixed length control field 00380nam a22001217a 4500
008 - FIXED-LENGTH DATA ELEMENTS--GENERAL INFORMATION
fixed length control field 250926b ||||| |||| 00| 0 eng d
020 ## - INTERNATIONAL STANDARD BOOK NUMBER
International Standard Book Number 9781398500694
082 ## - DEWEY DECIMAL CLASSIFICATION NUMBER
Classification number 823.92 ELP
100 ## - MAIN ENTRY--PERSONAL NAME
Personal name ELPHINSTONE,ABI
Relator term AUTHOR
Language of a work ENGLISH
245 ## - TITLE STATEMENT
Title EMBER SPARK AND THE THUNDER OF DRAGONS
260 ## - PUBLICATION, DISTRIBUTION, ETC.
Place of publication, distribution, etc. 1ST FLOOR,222 GRAY'S INN ROAD,LONDON,WC1X 8HB
Name of publisher, distributor, etc. SIMON & SCHUSTER UK LTD
Date of publication, distribution, etc. 2024
942 ## - ADDED ENTRY ELEMENTS (KOHA)
Source of classification or shelving scheme
Holdings
Withdrawn status Lost status Source of classification or shelving scheme Damaged status Not for loan Collection code Permanent Location Current Location Shelving location Date acquired Source of acquisition Total Checkouts Full call number Barcode Date last seen Date last checked out Price effective from Koha item type Public note
          Fiction KH8 Primary School Library KH8 Primary School Library Fiction 2025-09-26 SOF 1 823.92 ELP KHPL000007219 2026-03-12 2026-03-05 2025-09-26 Books - Fiction PRIMARY LIBRARY

Powered By KH8 IT Dept